Normal view
MARC view
Entry Personal Name
001 - CONTROL NUMBER
- control field: 706
003 - CONTROL NUMBER IDENTIFIER
- control field: BD-RjUL
005 - DATE AND TIME OF LATEST TRANSACTION
- control field: 20220112154709.0
008 - FIXED-LENGTH DATA ELEMENTS
- fixed length control field: 220112|| aca||aabn | a|a d
040 ## - CATALOGING SOURCE
- Original cataloging agency: BD-RjUL
- Transcribing agency: BD-RjUL
100 ## - HEADING--PERSONAL NAME
- Personal name: Al Kaabi, Bassam ;; الكعبي، بسام
670 ## - SOURCE DATA FOUND
- Source citation: Work cat.: (BD-RjUL)79171: كناعنه، شريف، ;; Kanaana, Sharif, 1936- 704, كفر سابا ;; Kafar Saba /, 1991.